Sports Quiz

Random Sports or NBA Quiz

NBA All-Star Game MVPs Quiz Stats

 Plays Quiz Updated Apr 5, 2018

Challenge
Share
Tweet
Embed
Score 0/67 Timer 07:00
18 Plays Today
Year Player % Correct
2018LeBron James
99.6%
2009Shaquille O'Neal, Kobe Bryant
99%
2008LeBron James
98.9%
2006LeBron James
98.9%
2007Kobe Bryant
98.7%
2002Kobe Bryant
98.7%
2016Russell Westbrook
97.8%
2015Russell Westbrook
97.6%
1998Michael Jordan
97.5%
1996Michael Jordan
97.5%
1988Michael Jordan
97.5%
2011Kobe Bryant
97.3%
2012Kevin Durant
97.2%
2017Anthony Davis
97.1%
2010Dwyane Wade
95.7%
2000Tim Duncan, Shaquille O'Neal
95.7%
2013Chris Paul
95.4%
2014Kyrie Irving
95.3%
2005Allen Iverson
94%
2001Allen Iverson
94%
2004Shaquille O'Neal
91%
2003Kevin Garnett
90%
1990Earvin Johnson
86.4%
1992Earvin Johnson
86.4%
1993Karl Malone, John Stockton
85.9%
1989Karl Malone
83.3%
1994Scottie Pippen
83.1%
1982Larry Bird
82.4%
1972Jerry West
75.2%
1984Isiah Thomas
70.8%
1986Isiah Thomas
70.8%
1960Wilt Chamberlain
69.5%
1963Bill Russell
68.5%
1983Julius Erving
64.1%
Year Player % Correct
1977Julius Erving
64.1%
1964Oscar Robertson
53.2%
1961Oscar Robertson
53.2%
1969Oscar Robertson
53.2%
1991Charles Barkley
49.5%
1957Bob Cousy
48.1%
1954Bob Cousy
48.1%
1959Bob Pettit, Elgin Baylor
46.6%
1980George Gervin
43.2%
1962Bob Pettit
42.3%
1958Bob Pettit
42.3%
1956Bob Pettit
42.3%
1970Willis Reed
35.1%
1975Walt Frazier
31.8%
1997Glen Rice
31.5%
1953George Mikan
31%
1995Mitch Richmond
29.4%
1985Ralph Sampson
28.2%
1967Rick Barry
25.6%
1973Dave Cowens
20.5%
1971Lenny Wilkens
20%
1978Randy Smith
19.5%
1966Adrian Smith
19.5%
1981Nate Archibald
19.1%
1979David Thompson
18.5%
1987Tom Chambers
16.8%
1976Dave Bing
13.1%
1974Bob Lanier
12.7%
1968Hal Greer
10.9%
1965Jerry Lucas
10.9%
1952Paul Arizin
9.4%
1955Bill Sharman
8.7%
1951Ed Macauley
4.7%

You're not logged in!

Compare scores with friends on all Sporcle quizzes.
Join for Free
OR
Log In

You Might Also Like...

Show Comments

Extras

Top Quizzes Today


Score Distribution

Your Account Isn't Verified!

In order to create a playlist on Sporcle, you need to verify the email address you used during registration. Go to your Sporcle Settings to finish the process.

Report this User

Report this user for behavior that violates our Community Guidelines.

Details: